US States by Ethnic Group - Statistics

General Stats
  • This quiz has been taken 1,762 times
    1,759 since last reset
  • The average score is 33 of 50
Answer Stats
State Ethnic Group % Correct
Alaska German
83%
Colorado German
83%
Florida German
83%
Idaho German
83%
Illinois German
83%
Indiana German
83%
Iowa German
83%
Kansas German
83%
Michigan German
83%
Minnesota German
83%
Missouri German
83%
Montana German
83%
Nebraska German
83%
Nevada German
83%
North Dakota German
83%
Ohio German
83%
Oklahoma German
83%
Oregon German
83%
Pennsylvania German
83%
South Dakota German
83%
Washington German
83%
Wisconsin German
83%
Wyoming German
83%
Maine English
75%
Vermont English
75%
Delaware Irish
64%
Massachusetts Irish
64%
New Hampshire Irish
64%
Utah Irish
64%
Arizona Mexican
62%
California Mexican
62%
New Mexico Mexican
62%
Texas Mexican
62%
Connecticut Italian
55%
New Jersey Italian
55%
New York Italian
55%
Rhode Island Italian
55%
Alabama African American
43%
Georgia African American
43%
Louisiana African American
43%
Maryland African American
43%
Mississippi African American
43%
North Carolina African American
43%
South Carolina African American
43%
Virginia African American
43%
Arkansas American
30%
Kentucky American
30%
Tennessee American
30%
West Virginia American
30%
Hawaii Hawaiian
13%
No matching quizzes found
Score Distribution
Percent of People with Each Score
Percentile by Number Answered
Your Score History
You have not taken this quiz since the last reset